Formas de Países del Mar Mediterráneo - Estadísticas

Estadísticas generales
  • Esta prueba ha sido intentada 2.784 veces
  • La puntuación promedio es 17 de 21
Estadísticas de respuestas
Imagen Respuesta % Correcto
España
99%
Francia
96%
Grecia
96%
Italia
96%
Egipto
94%
Turquía
93%
Croacia
92%
Marruecos
92%
Chipre
91%
Libia
83%
Israel
82%
Argelia
77%
Malta
74%
Túnez
74%
Mónaco
72%
Albania
71%
Bosnia y Herzegovina
71%
Siria
65%
Líbano
63%
Montenegro
61%
Eslovenia
57%
No se encontraron pruebas coincidentes
Distribución de puntuación
Porcentaje de gente con cada puntuación
Porcentaje por número respondido
Historial de tus puntuaciones
No has intentado esta prueba.